[Event "Eschborn op"]
[Site "Eschborn"]
[Date "2016.09.03"]
[Round "3"]
[White "Oterstaetter, Peter"]
[Black "Schimmer, Michael"]
[Result "0-1"]
[WhiteElo "1760"]
[BlackElo "1791"]
[PlyCount "90"]
[EventDate "2016.09.02"]
[EventType "swiss"]
[EventRounds "5"]
[EventCountry "GER"]
[SourceTitle "EXT 2018"]
[Source "ChessBase"]
[SourceDate "2017.10.13"]
[SourceVersion "1"]
[SourceVersionDate "2017.10.13"]
[SourceQuality "1"]

1. d4 Nf6 2. Nf3 c5 3. e3 g6 4. c4 Bg7 5. Nc3 0-0 6. Bd3 cxd4 7. exd4 d5 8. 0-0 Nc6 9. h3 a6 10. Be3 Nb4 11. Be2 dxc4 12. Bxc4 b5 13. Be2 Bb7 14. Rc1 Rc8 15. Re1 Qd6 16. Ne5 Nbd5 17. Bf3 Nxe3 18. fxe3 Nd5 19. Ne4 Qd8 20. Nc5 Rc7 21. Nxb7 Rxb7 22. Nc6 Qd6 23. Qb3 e6 24. e4 Nb6 25. e5 Qd7 26. Red1 Rc7 27. Qa3 Rfc8 28. Qxa6 Rxc6 29. Bxc6 Rxc6 30. Rxc6 Qxc6 31. Rf1 Bh6 32. Qa3 Nd5 33. Qf3 Qd7 34. Rd1 Ne3 35. Rd3 Nf5 36. d5 exd5 37. Rxd5 Qa7+ 38. Kh1 Qc7 39. Kh2 Qc1 40. Rd8+ Kg7 41. Qc3 Bf4+ 42. g3 Bxg3+ 43. Kg2 Qf4 44. e6+ Kh6 45. Qd2 Ne3+ 0-1